Statistiken für Alle Vereine der Regionalliga 2022/2023

Klicken Sie hier um das Quiz zu spielen!

Allgemein

  • Dieses Quiz wurde 402 mal gespielt
  • Das Durchschnittsergebnis liegt bei 47 aus 93

Antwortstatistiken

Antwort% Korrekt
Fortuna Köln
77%
Bayern München II
76%
Energie Cottbus
74%
VfB Lübeck
74%
VfB Stuttgart II
74%
1. FC Köln II
73%
Hamburger SV II
72%
Alemannia Aachen
71%
1. FC Phönix Lübeck
70%
Rot-Weiß Oberhausen
70%
FSV Frankfurt
69%
1. FC Nürnberg II
68%
Chemnitzer FC
68%
SpVgg Unterhaching
68%
FC St. Pauli II
67%
Preußen Münster
67%
BSG Chemie Leipzig
66%
Carl Zeiss Jena
66%
Werder Bremen II
66%
Kickers Offenbach
64%
1. FC Lok Leipzig
63%
Borussia Mönchengladbach II
63%
FC Schalke 04 II
63%
Rot-Weiß Erfurt
63%
Würzburger Kickers
63%
SC Weiche Flensburg 08
62%
Wuppertaler SV
62%
FC Viktoria 1889 Berlin
61%
SpVgg Greuther Fürth II
61%
Hertha BSC II
60%
Holstein Kiel II
60%
SG Wattenscheid 09
60%
Tennis Borussia Berlin
60%
VfR Aalen
60%
Fortuna Düsseldorf II
59%
Bahlinger SC
58%
Rot Weiss Ahlen
58%
FC Augsburg II
57%
Eintracht Trier
56%
Hannover 96 II
56%
Hessen Kassel
56%
1. FC Schweinfurt 05
55%
Berliner AK 07
55%
Bremer SV
55%
FC Rot-Weiß Koblenz
55%
Greifswalder FC
54%
SSV Ulm 1846 Fußball
54%
TSG Hoffenheim II
54%
1. FSV Mainz 05 II
53%
BFC Dynamo
52%
FC 08 Homburg
52%
Kickers Emden
52%
SV Babelsberg 03
51%
Türkgücü München
51%
Viktoria Aschaffenburg
48%
Wormatia Worms
48%
SV Straelen
47%
Wacker Burghausen
44%
1. FC Düren
43%
Atlas Delmenhorst
43%
FV Illertissen
43%
SV Rödinghausen
43%
VfV 06 Hildesheim
41%
ZFC Meuselwitz
41%
1. FC Kaan-Marienborn
40%
TSG Balingen
40%
1. FC Bocholt
39%
Germania Halberstadt
39%
SSV Jeddeloh II
39%
SV Drochtersen/Assel
39%
TSV Havelse
37%
SC Wiedenbrück
36%
Eintracht Norderstedt
35%
SV Lichtenberg 47
35%
SV Lippstadt 08
35%
TSV Steinbach Haiger
35%
SGV Freiberg Fußball
34%
FC Pipinsried
33%
VSG Altglienicke
32%
FC-Astoria Walldorf
31%
FC Teutonia Ottensen
31%
FSV Luckenwalde
31%
SG Barockstadt Fulda-Lehnerz
30%
SpVgg Ansbach
30%
TSV Aubstadt
29%
VfB Eichstätt
29%
BW Lohne
28%
SV Heimstetten
28%
TSV Buchbach
28%
DJK Vilzing
26%
BSV SW Rehden
24%
TSV Rain/Lech
24%
SpVgg Hankofen-Hailing
19%

Verteilung der Resultate

Perzentil nach korrekt beantworteten Fragen

Anzahl Personen mit jedem Resultat

Ihre Resultats-Entwicklung

Sie haben dieses Quiz noch nicht gespielt